[Event "12th Rector Cup"]
[Site "Kharkov UKR"]
[Date "2010.03.26"]
[Round "1"]
[White "Karlovich, A."]
[Black "Burtasova, A."]
[Result "1/2-1/2"]
[WhiteElo "2180"]
[BlackElo "2301"]
[PlyCount "35"]
[EventDate "2010.03.26"]
[EventType "tourn"]
[EventRounds "7"]
[EventCountry "UKR"]
[EventCategory "5"]
[Source "Mark Crowther"]
[SourceDate "2010.03.29"]

1. e4 e5 2. Nf3 Nc6 3. Nc3 Nf6 4. d4 exd4 5. Nxd4 Bb4 6. Nxc6 bxc6 7. Bd3 d5 8.
exd5 cxd5 9. Qe2+ Qe7 10. Bb5+ Bd7 11. Bxd7+ Nxd7 12. Qxe7+ Kxe7 13. Bd2 Bxc3
14. Bxc3 f6 15. O-O-O Kd6 16. Rhe1 Rhe8 17. Rxe8 Rxe8 18. Re1 1/2-1/2

[Event "12th Rector Cup"]
[Site "Kharkov UKR"]
[Date "2010.03.26"]
[Round "1"]
[White "Gaponenko, I."]
[Black "Klinova, M."]
[Result "1-0"]
[WhiteElo "2472"]
[BlackElo "2303"]
[PlyCount "147"]
[EventDate "2010.03.26"]
[EventType "tourn"]
[EventRounds "7"]
[EventCountry "UKR"]
[EventCategory "5"]
[Source "Mark Crowther"]
[SourceDate "2010.03.29"]

1. e4 d6 2. d4 Nf6 3. Nc3 e5 4. dxe5 dxe5 5. Qxd8+ Kxd8 6. Bg5 Be6 7. O-O-O+
Nbd7 8. f4 exf4 9. Nf3 h6 10. Bxf4 c6 11. Nd4 Bb4 12. e5 Bxc3 13. exf6 Bxd4 14.
Rxd4 gxf6 15. Be2 Ke8 16. Re1 Ne5 17. Rb4 b6 18. Bxe5 fxe5 19. Bf3 Rc8 20. Rxe5
Ke7 21. a4 c5 22. Rh4 Kf6 23. Reh5 Kg7 24. a5 Rcd8 25. b4 cxb4 26. Rxb4 Rd6 27.
axb6 axb6 28. Rhb5 Rb8 29. Kb2 Bd7 30. Rd5 Rxd5 31. Bxd5 Bf5 32. c4 Kf6 33. c5
b5 34. Kc3 Ke5 35. Bxf7 Be4 36. Rb2 b4+ 37. Rxb4 Rxb4 38. Kxb4 Bxg2 39. Kb5 Kf6
40. Be8 Ke7 41. Bc6 Bh3 42. Kb6 Bf5 43. Bb5 Be4 44. Ba6 Bf3 45. Bb7 Bg4 46. Bc6
Bf5 47. Kc7 Bc2 48. Bf3 Ba4 49. Bg4 Be8 50. Kb6 Ba4 51. Be2 Bd7 52. Bb5 Bf5 53.
Kc7 Bc2 54. Ba6 Ba4 55. Kb6 Bd7 56. Bb5 Bf5 57. Kc7 Bc2 58. Kb8 Be4 59. Ka7 Bf3
60. Ba6 Bc6 61. Kb6 Be4 62. Bb7 Bf5 63. c6 Kd6 64. c7 Bg4 65. Bf3 Bc8 66. Be2
Be6 67. Kb7 Bf5 68. Kb8 Be6 69. h4 Bf5 70. h5 Be6 71. Ba6 Bf5 72. Bc8 Bd3 73.
Bh3 Ba6 74. Bf1 1-0

[Event "12th Rector Cup"]
[Site "Kharkov UKR"]
[Date "2010.03.26"]
[Round "1"]
[White "Mkrtchian, L."]
[Black "Soloviova, L."]
[Result "1-0"]
[WhiteElo "2503"]
[BlackElo "2315"]
[PlyCount "111"]
[EventDate "2010.03.26"]
[EventType "tourn"]
[EventRounds "7"]
[EventCountry "UKR"]
[EventCategory "5"]
[Source "Mark Crowther"]
[SourceDate "2010.03.29"]

1. d4 Nf6 2. c4 e6 3. Nc3 Bb4 4. e3 b6 5. Bd3 Bb7 6. Nf3 O-O 7. O-O Bxc3 8.
bxc3 d6 9. Nd2 Nbd7 10. f3 e5 11. Re1 Re8 12. e4 Nf8 13. Nf1 Nh5 14. Ne3 Nf4
15. Bf1 Bc8 16. a4 a5 17. Nd5 N8g6 18. Be3 Nxd5 19. cxd5 f5 20. dxe5 f4 21. Bd4
Nxe5 22. Ra2 Qg5 23. Bb5 Re7 24. c4 Bb7 25. Bxe5 Qxe5 26. Qa1 Rf8 27. Qxe5 Rxe5
28. Rd2 Rf6 29. Red1 Kf7 30. c5 dxc5 31. d6 cxd6 32. Rxd6 Bc8 33. Rd8 Be6 34.
Rb8 Bb3 35. Rdd8 Kg6 36. Rbc8 Kh6 37. Kf2 Rh5 38. h3 Rg5 39. Be8 c4 40. h4 Rc5
41. Bb5 Rxc8 42. Rxc8 Rd6 43. Ke2 Bd1+ 44. Ke1 Bb3 45. Ke2 Bd1+ 46. Ke1 Bb3 47.
Ke2 Kh5 48. Bxc4 Bd1+ 49. Ke1 Bxa4 50. e5 Rd7 51. e6 Re7 52. Rf8 b5 53. Bd5 b4
54. Rxf4 Be8 55. Kd2 Kg6 56. g4 1-0

[Event "12th Rector Cup"]
[Site "Kharkov UKR"]
[Date "2010.03.26"]
[Round "1"]
[White "Doluhanova, E."]
[Black "Ushenina, A."]
[Result "0-1"]
[WhiteElo "2297"]
[BlackElo "2452"]
[PlyCount "238"]
[EventDate "2010.03.26"]
[EventType "tourn"]
[EventRounds "7"]
[EventCountry "UKR"]
[EventCategory "5"]
[Source "Mark Crowther"]
[SourceDate "2010.03.29"]

1. e4 c5 2. Nf3 Nc6 3. d4 cxd4 4. Nxd4 Nf6 5. Nc3 d6 6. Be2 g6 7. O-O Bg7 8.
Nxc6 bxc6 9. Be3 O-O 10. Qd2 Re8 11. Rad1 Qc7 12. Bf3 Bg4 13. Qe2 Bxf3 14. Qxf3
Nd7 15. Bd2 Rad8 16. b3 Nc5 17. Ne2 Rd7 18. c4 Rb8 19. h3 a5 20. Nf4 Rdd8 21.
Rfe1 Na6 22. Bc3 Bxc3 23. Qxc3 a4 24. Nd3 axb3 25. axb3 Qb7 26. Rb1 Nb4 27. Nf4
e5 28. Nd3 Nxd3 29. Qxd3 Qb4 30. Red1 Ra8 31. Ra1 Ra3 32. Rxa3 Qxa3 33. Qc3 Rb8
34. Rd3 Qa2 35. Qd2 Qa3 36. Rxd6 Qxb3 37. Rxc6 Qb1+ 38. Kh2 Qxe4 39. Rc7 Kg7
40. f3 Qf5 41. c5 Rb3 42. Rd7 Rb5 43. c6 Rc5 44. c7 Rc2 45. Rd8 Rxc7 46. Qf2
Rc3 47. Rd5 Qf4+ 48. Qg3 Qxg3+ 49. Kxg3 Kf6 50. Rd6+ Ke7 51. Ra6 Rc7 52. h4 f6
53. Rb6 Kf7 54. Ra6 h5 55. Rb6 Rc3 56. Kh2 Rc7 57. Kg3 Ke7 58. Ra6 Rd7 59. Rb6
Rd3 60. Kh2 Rd6 61. Rb7+ Ke6 62. Rg7 Kf5 63. Rf7 Kf4 64. Re7 Ke3 65. Kg3 Kd4
66. Ra7 f5 67. Ra4+ Kd3 68. Ra3+ Kc4 69. Ra5 Kd4 70. Ra4+ Ke3 71. Ra3+ Kd4 72.
Ra4+ Kd5 73. Ra5+ Ke6 74. Ra4 Kd5 75. Ra5+ Kd4 76. Ra4+ Kc3 77. Ra5 Re6 78. Rd5
Kc4 79. Rd8 Kc5 80. Ra8 Rb6 81. Ra5+ Kd6 82. Ra4 Ke6 83. Rc4 Kd5 84. Ra4 Ke6
85. Rc4 Rd6 86. Ra4 Kd5 87. Ra5+ Ke6 88. Ra4 Rc6 89. Rb4 Ra6 90. Rc4 Kd5 91.
Rb4 e4 92. fxe4+ fxe4 93. Kf4 Ra2 94. Rb5+ Kd4 95. Rb4+ Kd3 96. Rb3+ Kc4 97.
Rb6 Rxg2 98. Kxe4 Kc5 99. Ra6 Kb5 100. Rd6 Kc5 101. Rf6 Rg1 102. Ra6 Kb5 103.
Rd6 Kc5 104. Ra6 Rg4+ 105. Kf3 Kd5 106. Rf6 Ke5 107. Ra6 Kf5 108. Ra5+ Kf6 109.
Ra6+ Kg7 110. Ra7+ Kh6 111. Ra6 Rxh4 112. Kg3 Rg4+ 113. Kh3 Rc4 114. Rb6 h4
115. Rb5 g5 116. Rb8 Rc3+ 117. Kh2 Kh5 118. Rb2 h3 119. Ra2 Kh4 0-1

[Event "12th Rector Cup"]
[Site "Kharkov UKR"]
[Date "2010.03.26"]
[Round "2"]
[White "Gaponenko, I."]
[Black "Karlovich, A."]
[Result "0-1"]
[WhiteElo "2472"]
[BlackElo "2180"]
[PlyCount "67"]
[EventDate "2010.03.26"]
[EventType "tourn"]
[EventRounds "7"]
[EventCountry "UKR"]
[EventCategory "5"]
[Source "Mark Crowther"]
[SourceDate "2010.03.29"]

1. e4 e5 2. Nf3 Nc6 3. Bb5 f5 4. Nc3 Nd4 5. exf5 Nxb5 6. Nxb5 d6 7. d4 e4 8.
Ng5 Bxf5 9. f3 e3 10. Bxe3 h6 11. Ne4 Bxe4 12. fxe4 Qh4+ 13. Kd2 O-O-O 14. Qf3
Nf6 15. Nc3 Re8 16. g3 Qh3 17. Rae1 Ng4 18. Qf5+ Kd8 19. Ne2 g5 20. Qf3 Bg7 21.
Nc3 Rhf8 22. Qe2 Nf6 23. Bg1 Nh5 24. Bf2 Qg2 25. Be3 Qh3 26. Kc1 Nf6 27. Bg1
Kc8 28. Qd2 a6 29. d5 Nd7 30. Bd4 Be5 31. Nd1 Qg4 32. Nf2 Qf3 33. Rhf1 Qg2 34.
Qe3 0-1

[Event "12th Rector Cup"]
[Site "Kharkov UKR"]
[Date "2010.03.26"]
[Round "2"]
[White "Soloviova, L."]
[Black "Doluhanova, E."]
[Result "0-1"]
[WhiteElo "2315"]
[BlackElo "2297"]
[PlyCount "56"]
[EventDate "2010.03.26"]
[EventType "tourn"]
[EventRounds "7"]
[EventCountry "UKR"]
[EventCategory "5"]
[Source "Mark Crowther"]
[SourceDate "2010.03.29"]

1. c4 e6 2. Nf3 d5 3. b3 Nf6 4. Bb2 Be7 5. e3 O-O 6. Be2 c5 7. O-O Nc6 8. d3 b6
9. Nbd2 Bb7 10. a3 Qc7 11. Rc1 Rad8 12. Qc2 d4 13. e4 Qf4 14. Ne1 Ne5 15. Ndf3
Ng6 16. Rb1 Qc7 17. g3 Nd7 18. Nd2 f5 19. f4 e5 20. exf5 exf4 21. fxg6 fxg3 22.
gxh7+ Kxh7 23. h3 Bg5 24. Bf3 Be3+ 25. Kg2 Ne5 26. Bxb7 Qxb7+ 27. Ne4 Rxf1 28.
Qd1 Rg1# 0-1

[Event "12th Rector Cup"]
[Site "Kharkov UKR"]
[Date "2010.03.26"]
[Round "2"]
[White "Klinova, M."]
[Black "Ushenina, A."]
[Result "1/2-1/2"]
[WhiteElo "2303"]
[BlackElo "2452"]
[PlyCount "50"]
[EventDate "2010.03.26"]
[EventType "tourn"]
[EventRounds "7"]
[EventCountry "UKR"]
[EventCategory "5"]
[Source "Mark Crowther"]
[SourceDate "2010.03.29"]

1. e4 c5 2. Nf3 Nc6 3. Bb5 e6 4. Bxc6 bxc6 5. O-O Ne7 6. Nc3 Ng6 7. d3 Be7 8.
Be3 d6 9. Ne2 O-O 10. c3 Rb8 11. Qc2 a5 12. Rfe1 Qc7 13. d4 cxd4 14. cxd4 Bd7
15. Rac1 Qb7 16. b3 Rfc8 17. Nc3 c5 18. dxc5 dxc5 19. Nd2 Qc7 20. Nc4 Ne5 21.
f3 Nxc4 22. bxc4 Bd6 23. g3 Be5 24. Rb1 Bxc3 25. Qxc3 f6 1/2-1/2

[Event "12th Rector Cup"]
[Site "Kharkov UKR"]
[Date "2010.03.27"]
[Round "3"]
[White "Doluhanova, E."]
[Black "Burtasova, A."]
[Result "0-1"]
[WhiteElo "2297"]
[BlackElo "2301"]
[PlyCount "78"]
[EventDate "2010.03.26"]
[EventType "tourn"]
[EventRounds "7"]
[EventCountry "UKR"]
[EventCategory "5"]
[Source "Mark Crowther"]
[SourceDate "2010.03.29"]

1. Nf3 c5 2. g3 d5 3. Bg2 Nc6 4. O-O Nf6 5. d3 e5 6. Nbd2 Be7 7. e4 d4 8. Nc4
Qc7 9. a4 O-O 10. Nh4 Bg4 11. f3 Be6 12. b3 a6 13. f4 b5 14. Nxe5 Nxe5 15. fxe5
Ng4 16. Nf3 c4 17. bxc4 bxc4 18. Bf4 cxd3 19. cxd3 Rfd8 20. Qe2 Rab8 21. h3 Ne3
22. Bxe3 dxe3 23. Kh2 Rb3 24. Rfc1 Qb7 25. d4 Qxe4 26. Nd2 Qd3 27. Qxd3 Rxd3
28. Nf3 Bb4 29. Rab1 a5 30. Rc2 Bb3 31. Re2 Bxa4 32. Ne1 Ra3 33. d5 Bd2 34. d6
Rb3 35. Rxb3 Bxb3 36. Nf3 Bc4 37. Nxd2 Bxe2 38. Nb1 Bd3 39. Nc3 e2 0-1

[Event "12th Rector Cup"]
[Site "Kharkov UKR"]
[Date "2010.03.27"]
[Round "3"]
[White "Mkrtchian, L."]
[Black "Gaponenko, I."]
[Result "1/2-1/2"]
[WhiteElo "2503"]
[BlackElo "2472"]
[PlyCount "85"]
[EventDate "2010.03.26"]
[EventType "tourn"]
[EventRounds "7"]
[EventCountry "UKR"]
[EventCategory "5"]
[Source "Mark Crowther"]
[SourceDate "2010.03.29"]

1. d4 Nf6 2. c4 c5 3. d5 b5 4. cxb5 a6 5. bxa6 g6 6. Nc3 Bxa6 7. Nf3 d6 8. e4
Bxf1 9. Kxf1 Nbd7 10. h3 Bg7 11. g3 O-O 12. Kg2 Ra6 13. Re1 Qa8 14. Qc2 e6 15.
dxe6 fxe6 16. Bg5 d5 17. a4 Qc6 18. Rad1 Rb6 19. Bxf6 Nxf6 20. Ng5 Nxe4 21.
Ngxe4 dxe4 22. Qxe4 Qxe4+ 23. Rxe4 Rxb2 24. Ne2 Bd4 25. f4 e5 26. Kf3 Rb3+ 27.
Kg2 Rb2 28. Kf3 Rb3+ 29. Kg2 Rb2 30. h4 exf4 31. gxf4 Rfb8 32. Rd3 Bf6 33. h5
gxh5 34. Rd5 c4 35. Rc5 c3 36. Kf3 c2 37. Rec4 R2b3+ 38. Ke4 Re8+ 39. Kf5 Bg7
40. Rxc2 Rb6 41. Rc8 Kf7 42. R8c7+ Kg8 43. Rc8 1/2-1/2

[Event "12th Rector Cup"]
[Site "Kharkov UKR"]
[Date "2010.03.27"]
[Round "3"]
[White "Karlovich, A."]
[Black "Klinova, M."]
[Result "1/2-1/2"]
[WhiteElo "2180"]
[BlackElo "2303"]
[PlyCount "21"]
[EventDate "2010.03.26"]
[EventType "tourn"]
[EventRounds "7"]
[EventCountry "UKR"]
[EventCategory "5"]
[Source "Mark Crowther"]
[SourceDate "2010.03.29"]

1. e4 d6 2. d4 Nf6 3. Nc3 g6 4. g3 Bg7 5. Bg2 O-O 6. Nge2 e5 7. h3 Re8 8. dxe5
dxe5 9. Qxd8 Rxd8 10. Bg5 c6 11. O-O 1/2-1/2

[Event "12th Rector Cup"]
[Site "Kharkov UKR"]
[Date "2010.03.27"]
[Round "4"]
[White "Burtasova, A."]
[Black "Ushenina, A."]
[Result "0-1"]
[WhiteElo "2301"]
[BlackElo "2452"]
[PlyCount "50"]
[EventDate "2010.03.26"]
[EventType "tourn"]
[EventRounds "7"]
[EventCountry "UKR"]
[EventCategory "5"]
[Source "Mark Crowther"]
[SourceDate "2010.03.29"]

1. e4 c6 2. d4 d5 3. exd5 cxd5 4. c4 Nf6 5. Nc3 g6 6. cxd5 Nxd5 7. Qb3 Nb6 8.
d5 Bg7 9. Be3 O-O 10. Rd1 Na6 11. Nf3 Qd6 12. Be2 Bd7 13. O-O Nc5 14. Qb4 Nca4
15. Qxd6 exd6 16. Nxa4 Nxa4 17. Bf4 Rfe8 18. Rd2 Bxb2 19. Be3 Bg7 20. Rc1 Rac8
21. Rxc8 Rxc8 22. Bxa7 b6 23. Bd1 Rc1 24. Kf1 Bc3 25. Ke1 Nb2 0-1

[Event "12th Rector Cup"]
[Site "Kharkov UKR"]
[Date "2010.03.27"]
[Round "4"]
[White "Karlovich, A."]
[Black "Mkrtchian, L."]
[Result "0-1"]
[WhiteElo "2180"]
[BlackElo "2503"]
[PlyCount "102"]
[EventDate "2010.03.26"]
[EventType "tourn"]
[EventRounds "7"]
[EventCountry "UKR"]
[EventCategory "5"]
[Source "Mark Crowther"]
[SourceDate "2010.03.29"]

1. e4 e6 2. d4 d5 3. e5 c5 4. dxc5 Nc6 5. Nf3 Bxc5 6. Bd3 Nge7 7. O-O Ng6 8.
Qe2 Bd7 9. c3 O-O 10. Bg5 Qc7 11. Re1 Bb6 12. Na3 Ncxe5 13. Nxe5 Qxe5 14. Qh5
Qc7 15. Rad1 Rfe8 16. Bc2 Qc6 17. c4 dxc4 18. Re4 Qc5 19. Rh4 h6 20. Be3 Qxh5
21. Rxh5 Bxe3 22. fxe3 Bc6 23. Bxg6 fxg6 24. Rc5 Red8 25. Rxd8+ Rxd8 26. Nxc4
Rd1+ 27. Kf2 Rc1 28. Kg3 Rc2 29. Kf4 Rxg2 30. h4 Rf2+ 31. Ke5 Rf5+ 32. Kd6 Rxc5
33. Kxc5 g5 34. hxg5 h5 35. Ne5 h4 36. Kd6 h3 37. Ng4 Bf3 38. Nh2 Bd5 39. b3
Kf7 40. Ke5 Bg2 41. Kf4 Ke7 42. Ke5 a5 43. a3 Kf7 44. Kf4 Kg6 45. Ng4 Bf1 46.
b4 a4 47. Nh2 Be2 48. Kg3 Kxg5 49. Kxh3 Kf5 50. Kg3 Ke4 51. Kf2 Ke5 0-1

[Event "12th Rector Cup"]
[Site "Kharkov UKR"]
[Date "2010.03.27"]
[Round "4"]
[White "Klinova, M."]
[Black "Soloviova, L."]
[Result "1-0"]
[WhiteElo "2303"]
[BlackElo "2315"]
[PlyCount "99"]
[EventDate "2010.03.26"]
[EventType "tourn"]
[EventRounds "7"]
[EventCountry "UKR"]
[EventCategory "5"]
[Source "Mark Crowther"]
[SourceDate "2010.03.29"]

1. e4 e5 2. Bc4 Nf6 3. d3 c6 4. Nf3 d5 5. Bb3 Bd6 6. Nc3 dxe4 7. Nxe4 Nxe4 8.
dxe4 O-O 9. O-O h6 10. Be3 Qf6 11. Nd2 Nd7 12. Nc4 Bc7 13. a4 Qg6 14. f3 b6 15.
Qd2 Nf6 16. Rfd1 Bh3 17. Kh1 Be6 18. Qf2 Nh5 19. a5 b5 20. Nd2 a6 21. Bxe6 fxe6
22. Nb3 Nf6 23. Qg3 Qh5 24. Bb6 Bxb6 25. axb6 Rfb8 26. Rd6 Rxb6 27. Rxe6 Qf7
28. Qxe5 Rf8 29. Re7 Qg6 30. Qg3 Qh7 31. Nc5 Nh5 32. Qg4 Nf6 33. Qe6+ Kh8 34.
Qe5 Qg6 35. Ne6 Rg8 36. Nf4 Qg5 37. Qxg5 hxg5 38. Ne6 g4 39. Nc5 Ra8 40. b4 Kg8
41. Kg1 Rbb8 42. Kf2 Rd8 43. Ke2 Rd4 44. c3 gxf3+ 45. gxf3 Rdd8 46. Rg1 Nh5 47.
Rg5 g6 48. Ke3 Kf8 49. Re6 Rd1 50. Rexg6 1-0

[Event "12th Rector Cup"]
[Site "Kharkov UKR"]
[Date "2010.03.27"]
[Round "4"]
[White "Gaponenko, I."]
[Black "Doluhanova, E."]
[Result "1-0"]
[WhiteElo "2472"]
[BlackElo "2297"]
[PlyCount "93"]
[EventDate "2010.03.26"]
[EventType "tourn"]
[EventRounds "7"]
[EventCountry "UKR"]
[EventCategory "5"]
[Source "Mark Crowther"]
[SourceDate "2010.03.29"]

1. e4 c5 2. Nf3 Nc6 3. c3 d5 4. exd5 Qxd5 5. d4 e6 6. Na3 Qd8 7. Nc2 Nf6 8. Bd3
Be7 9. O-O cxd4 10. Ncxd4 Nxd4 11. Nxd4 O-O 12. Qe2 Bd7 13. Bf4 Nd5 14. Bg3 Bf6
15. Qe4 g6 16. Bc4 Nb6 17. Bb3 Qc8 18. Rfe1 Rd8 19. h4 Bc6 20. Qf4 Bxd4 21.
cxd4 Nd5 22. Qh6 Rd7 23. h5 Qf8 24. Qg5 Qe7 25. Qg4 Nf6 26. Qh3 Nxh5 27. Be5
Bd5 28. Ba4 Bc6 29. Bd1 Ng7 30. Bb3 Bd5 31. Ba4 Bc6 32. Bxc6 bxc6 33. Qc3 f6
34. Bh2 Rc8 35. Rad1 h5 36. d5 e5 37. f4 Rdd8 38. fxe5 fxe5 39. Rxe5 Qb7 40.
Rde1 cxd5 41. Qg3 Qb6+ 42. Kh1 Re8 43. Qd3 Qxb2 44. Qxg6 Rxe5 45. Bxe5 Qb7 46.
Bxg7 Qxg7 47. Qe6+ 1-0

[Event "12th Rector Cup"]
[Site "Kharkov UKR"]
[Date "2010.03.28"]
[Round "5"]
[White "Ushenina, A."]
[Black "Gaponenko, I."]
[Result "1/2-1/2"]
[WhiteElo "2452"]
[BlackElo "2472"]
[PlyCount "107"]
[EventDate "2010.03.26"]
[EventType "tourn"]
[EventRounds "7"]
[EventCountry "UKR"]
[EventCategory "5"]
[Source "Mark Crowther"]
[SourceDate "2010.03.29"]

1. d4 Nf6 2. Nf3 c5 3. g3 cxd4 4. Nxd4 d5 5. Bg2 e5 6. Nb3 Nc6 7. O-O Be7 8. f4
Qb6+ 9. Kh1 exf4 10. gxf4 Bf5 11. a4 a6 12. Nc3 Rd8 13. e3 O-O 14. Ne2 Bg4 15.
Qe1 Ne4 16. Ned4 Bd7 17. a5 Qc7 18. Nxc6 Qxc6 19. Nd4 Qh6 20. Kg1 Bh3 21. Bxh3
Qxh3 22. Rf3 Qg4+ 23. Kh1 Bf6 24. Qg1 Qh5 25. Qf1 Bxd4 26. exd4 f5 27. Raa3 Rf6
28. Rae3 Rh6 29. Re2 Re8 30. Be3 Ree6 31. Rg2 Reg6 32. Bg1 Qh4 33. Rxg6 Rxg6
34. Bf2 Qg4 35. Be3 Qh4 36. Rh3 Qe7 37. Rf3 Nf6 38. Bf2 Ne4 39. Be3 Qb4 40. b3
Qxa5 41. c4 Rb6 42. Qd3 Qa1+ 43. Rf1 Qb2 44. Rb1 Qa3 45. cxd5 Qb4 46. Rc1 h6
47. Qc4 Qxb3 48. Qc8+ Kf7 49. Qxf5+ Nf6 50. Rc7+ Kf8 51. Rc8+ Kf7 52. Rc7+ Kg8
53. Rc8+ Kf7 54. Rc7+ 1/2-1/2

[Event "12th Rector Cup"]
[Site "Kharkov UKR"]
[Date "2010.03.28"]
[Round "5"]
[White "Doluhanova, E."]
[Black "Karlovich, A."]
[Result "1/2-1/2"]
[WhiteElo "2297"]
[BlackElo "2180"]
[PlyCount "27"]
[EventDate "2010.03.26"]
[EventType "tourn"]
[EventRounds "7"]
[EventCountry "UKR"]
[EventCategory "5"]
[Source "Mark Crowther"]
[SourceDate "2010.03.29"]

1. e4 e5 2. Nf3 Nc6 3. d4 exd4 4. Nxd4 Bc5 5. Be3 Qf6 6. c3 Nge7 7. Nc2 Bxe3 8.
Nxe3 d6 9. Be2 O-O 10. O-O Qg6 11. Nd2 Kh8 12. Bh5 Qh6 13. Bg4 Bxg4 14. Qxg4
1/2-1/2

[Event "12th Rector Cup"]
[Site "Kharkov UKR"]
[Date "2010.03.28"]
[Round "5"]
[White "Mkrtchian, L."]
[Black "Klinova, M."]
[Result "1-0"]
[WhiteElo "2503"]
[BlackElo "2303"]
[PlyCount "86"]
[EventDate "2010.03.26"]
[EventType "tourn"]
[EventRounds "7"]
[EventCountry "UKR"]
[EventCategory "5"]
[Source "Mark Crowther"]
[SourceDate "2010.03.29"]

1. d4 d6 2. Nf3 Nf6 3. c4 g6 4. Nc3 Bg7 5. e4 O-O 6. h3 e5 7. d5 Nbd7 8. Be3
Kh8 9. g4 Qe7 10. Qc2 c6 11. O-O-O a6 12. g5 Ne8 13. h4 c5 14. h5 Kg8 15. Nh4
Nc7 16. f3 b5 17. Qh2 Nb6 18. Bd3 Nxc4 19. Bxc4 bxc4 20. Rdg1 Nb5 21. hxg6 fxg6
22. Nf5 Rxf5 23. Qxh7+ Kf7 24. Rh6 Rxf3 25. Rgh1 Ke8 26. Qxg6+ Qf7 27. Nxb5
Qxg6 28. Rxg6 Kf7 29. Rxd6 axb5 30. g6+ Kg8 31. Bxc5 Bg4 32. Rb6 c3 33. a3 Rc8
34. Rxb5 Bd7 35. Ra5 cxb2+ 36. Kxb2 Rg3 37. Rc1 Rxg6 38. Ra7 Bh3 39. d6 Rg2+
40. Ka1 Rd2 41. Rg1 Bg2 42. Bb4 Rdc2 43. d7 Rb8 1-0

[Event "12th Rector Cup"]
[Site "Kharkov UKR"]
[Date "2010.03.28"]
[Round "6"]
[White "Klinova, M."]
[Black "Burtasova, A."]
[Result "1/2-1/2"]
[WhiteElo "2303"]
[BlackElo "2301"]
[PlyCount "92"]
[EventDate "2010.03.26"]
[EventType "tourn"]
[EventRounds "7"]
[EventCountry "UKR"]
[EventCategory "5"]
[Source "Mark Crowther"]
[SourceDate "2010.03.29"]

1. e4 c5 2. Nf3 e6 3. c4 Nc6 4. Nc3 e5 5. d3 g6 6. Nd5 Bg7 7. Be2 Nge7 8. h4 h6
9. h5 g5 10. Nh2 d6 11. Nxe7 Nxe7 12. g4 b5 13. Nf1 Nc6 14. Ng3 Nd4 15. Be3 O-O
16. Nf5 Bxf5 17. gxf5 Rb8 18. b3 Qa5+ 19. Kf1 bxc4 20. dxc4 Qa6 21. Bd3 Qc6 22.
Qg4 Bf6 23. Bxd4 exd4 24. Kg2 Rfe8 25. Rab1 Qa6 26. Qe2 Re5 27. Qc2 Qc6 28. f3
Kh7 29. Kf2 Re7 30. Rhg1 Qc7 31. Qd2 Be5 32. Rg4 f6 33. Bc2 Bf4 34. Qd3 Be3+
35. Kg2 Qd7 36. Rh1 Qe8 37. Kg3 Reb7 38. Kg2 Qe5 39. Rh3 a5 40. a4 Qe8 41. Rh1
Re7 42. Rh3 Qd8 43. Rh1 Qb6 44. Rd1 Rbe8 45. Kf1 Bf4 46. Kg2 Qb4 1/2-1/2

[Event "12th Rector Cup"]
[Site "Kharkov UKR"]
[Date "2010.03.28"]
[Round "6"]
[White "Karlovich, A."]
[Black "Ushenina, A."]
[Result "0-1"]
[WhiteElo "2180"]
[BlackElo "2452"]
[PlyCount "96"]
[EventDate "2010.03.26"]
[EventType "tourn"]
[EventRounds "7"]
[EventCountry "UKR"]
[EventCategory "5"]
[Source "Mark Crowther"]
[SourceDate "2010.03.29"]

1. e4 c5 2. Nf3 Nc6 3. Bb5 e6 4. Bxc6 bxc6 5. d3 Ne7 6. Qe2 d5 7. c4 Ng6 8. O-O
Bd6 9. e5 Be7 10. Nc3 O-O 11. Na4 f6 12. exf6 Bxf6 13. Nxc5 e5 14. h3 Qe7 15.
Nb3 Bf5 16. Be3 Bxd3 17. Qxd3 e4 18. Qd1 exf3 19. Bc5 Qd7 20. Qxf3 Bxb2 21.
Bxf8 Rxf8 22. Qg4 Qxg4 23. hxg4 Bxa1 24. Rxa1 dxc4 25. Na5 Ne5 26. f3 Rb8 27.
a4 Rd8 28. Rc1 Rd5 29. Nb7 Kf7 30. g5 Kg6 31. f4 Ng4 32. g3 Kf5 33. Kf1 Ke4 34.
Ke2 Kd4 35. Kf3 Ne3 36. g4 c3 37. f5 c2 38. f6 gxf6 39. gxf6 Rd7 40. Na5 Kd3
41. Nb3 Kc3 42. Nc5 Rd1 43. Ne4+ Kb2 44. Nf2 Nxg4 45. Rxc2+ Kxc2 46. Nxd1 Nxf6
47. Ne3+ Kb3 48. Kf4 Nd5+ 0-1

[Event "12th Rector Cup"]
[Site "Kharkov UKR"]
[Date "2010.03.28"]
[Round "6"]
[White "Gaponenko, I."]
[Black "Soloviova, L."]
[Result "1/2-1/2"]
[WhiteElo "2472"]
[BlackElo "2315"]
[PlyCount "145"]
[EventDate "2010.03.26"]
[EventType "tourn"]
[EventRounds "7"]
[EventCountry "UKR"]
[EventCategory "5"]
[Source "Mark Crowther"]
[SourceDate "2010.03.29"]

1. e4 e5 2. Nf3 Nf6 3. Nxe5 d6 4. Nf3 Nxe4 5. d4 Be7 6. Bd3 Nf6 7. h3 c6 8. c4
Na6 9. Nc3 O-O 10. O-O Nc7 11. Bf4 a6 12. a3 Be6 13. Re1 Qd7 14. Qc2 h6 15.
Rad1 Rae8 16. Bh2 g5 17. Ne2 Nh5 18. Nd2 Ng7 19. Ng3 f5 20. f4 Rf6 21. Nf3 Rg6
22. fxg5 hxg5 23. d5 cxd5 24. cxd5 Nxd5 25. Rxe6 Rxe6 26. Nxf5 Ne3 27. Nxe3
Rxe3 28. Bc4+ Kh8 29. Be5 d5 30. Bxd5 Rxe5 31. Nxe5 Qf5 32. Nf7+ Kh7 33. Qxf5+
Nxf5 34. Be4 Kg7 35. Bxf5 Kxf7 36. Rd7 Kf6 37. Bg4 b6 38. Kf1 a5 39. Rb7 Bc5
40. b4 axb4 41. axb4 Bd4 42. Rd7 Be5 43. Kf2 Bf4 44. g3 Be5 45. Kf3 Ra8 46. Rb7
Rb8 47. Rh7 Bc3 48. b5 Bd4 49. Ke4 Bf2 50. h4 gxh4 51. gxh4 Re8+ 52. Kf3 Bc5
53. Rh6+ Kg7 54. Rc6 Rd8 55. Bf5 Rd6 56. Rc7+ Kf6 57. Be4 Rd1 58. h5 Kg5 59.
Bg6 Rh1 60. Rd7 Rh3+ 61. Ke4 Re3+ 62. Kd5 Rb3 63. Kc6 Rc3 64. Rd5+ Kh6 65. Kb7
Rb3 66. Be8 Re3 67. Bg6 Rb3 68. Kc6 Rc3 69. Kb7 Rb3 70. Bd3 Rb4 71. Re5 Rb3 72.
Re6+ Kxh5 73. Bc4 1/2-1/2

[Event "12th Rector Cup"]
[Site "Kharkov UKR"]
[Date "2010.03.29"]
[Round "7"]
[White "Ushenina, A."]
[Black "Mkrtchian, L."]
[Result "1-0"]
[WhiteElo "2452"]
[BlackElo "2503"]
[PlyCount "67"]
[EventDate "2010.03.26"]
[EventType "tourn"]
[EventRounds "7"]
[EventCountry "UKR"]
[EventCategory "5"]
[Source "Mark Crowther"]
[SourceDate "2010.03.29"]

1. d4 e6 2. c4 Nf6 3. Nf3 b6 4. a3 Ba6 5. e3 c5 6. Bd3 cxd4 7. exd4 Be7 8. O-O
d5 9. b3 Nbd7 10. Bb2 Bb7 11. Nbd2 O-O 12. Re1 Rc8 13. Rc1 Re8 14. Qe2 Bf8 15.
Ne5 dxc4 16. bxc4 Nxe5 17. Qxe5 g6 18. Qe2 Bh6 19. Rcd1 Nh5 20. g3 Bg7 21. Nf3
Nf6 22. Ne5 Qc7 23. f4 Ba8 24. h3 Nh5 25. Qf2 f6 26. Nf3 Bh6 27. Bf1 Rcd8 28.
d5 Bf8 29. Kh2 exd5 30. Rxe8 Rxe8 31. cxd5 Bd6 32. Nd4 Qc5 33. Rc1 Qxd5 34. Bc4
1-0

[Event "12th Rector Cup"]
[Site "Kharkov UKR"]
[Date "2010.03.29"]
[Round "7"]
[White "Burtasova, A."]
[Black "Gaponenko, I."]
[Result "0-1"]
[WhiteElo "2301"]
[BlackElo "2472"]
[PlyCount "68"]
[EventDate "2010.03.26"]
[EventType "tourn"]
[EventRounds "7"]
[EventCountry "UKR"]
[EventCategory "5"]
[Source "Mark Crowther"]
[SourceDate "2010.03.29"]

1. e4 c5 2. c3 g6 3. d4 cxd4 4. cxd4 d5 5. Nc3 dxe4 6. Bc4 Nc6 7. Bf4 Bg7 8.
Nb5 Kf8 9. Nc7 e5 10. Nxa8 exf4 11. Qb3 Nge7 12. Ne2 f3 13. gxf3 exf3 14. Qxf3
Bf5 15. O-O Qxa8 16. Rfd1 Bf6 17. d5 Ne5 18. Qb3 Kg7 19. d6 N7c6 20. Bd5 Na5
21. Qg3 Qd8 22. Nd4 Bg4 23. f3 Bd7 24. f4 Nec6 25. Nf3 Nb4 26. Be4 Re8 27. Re1
Nc4 28. Rad1 Qb6+ 29. Kh1 Nxd6 30. Bb1 Rxe1+ 31. Rxe1 Bc6 32. a3 Nd5 33. Ne5
Bxe5 34. fxe5 Ne7+ 0-1